000 00898nam a2200217Ia 4500
001 10795
003 GE_BSU
008 181216s||||||||xx |||||||||||||| ||und||
040 _cGE_BSU
080 _a821.353.1-1
245 _aქართველი პოეტები ლენინურ კომკავშირს.
245 _bლექსები.
245 _cსარედ.კოლეგია. რ.ამაშუკელი, კ.ლორთქიფანიძე, ნ.წერეთელი; შემდგ. მ.ლებანიძე; რედ.ჯ.ბაჯელიძე.
260 _aთბილისი.
260 _bნაკადული.
260 _c1968.
300 _a240გვ;21სმ.
300 _eილ.
653 _aქართველი პოეტები ლენინურ კომკავშირს.
942 _cBK
999 _c44043
_d44043